|
|
|
|
| LEADER |
00000nam0a2200000 4500 |
| 001 |
44848 |
| 005 |
20231031022936.0 |
| 035 |
|
|
|a (RuTPU)RU\TPU\book\46593
|
| 090 |
|
|
|a 44848
|
| 100 |
|
|
|a 20021127d1985 k y0rusy50 ca
|
| 101 |
0 |
|
|a rus
|
| 102 |
|
|
|a RU
|
| 105 |
|
|
|a a z 001zy
|
| 200 |
1 |
|
|a Гетерогенный катализ
|a Физико-химические основы
|f И. И. Иоффе, В. А. Решетов, А. М. Добротворский
|
| 210 |
|
|
|a Ленинград
|c Химия
|d 1985
|
| 215 |
|
|
|a 224 с.
|c ил.
|
| 320 |
|
|
|a Библиогр.: с. 222-224
|
| 610 |
1 |
|
|a химия
|
| 610 |
1 |
|
|a катализ гетерогенный
|
| 610 |
1 |
|
|a катализаторы
|
| 610 |
1 |
|
|a макрокинетика
|
| 610 |
1 |
|
|a кинетика
|
| 610 |
1 |
|
|a технологические операции
|
| 610 |
1 |
|
|a осаждение
|
| 610 |
1 |
|
|a пропитка
|
| 610 |
1 |
|
|a сушка
|
| 610 |
1 |
|
|a выщелачивание
|
| 610 |
1 |
|
|a методы исследования
|
| 610 |
1 |
|
|a библиотека А. Г. Стромберга
|
| 675 |
|
|
|a 544.47:544.344
|v 3
|
| 700 |
|
1 |
|a Иоффе
|b И. И.
|g Иосиф Исаевич
|
| 701 |
|
1 |
|a Решетов
|b В. А.
|g Виктор Алексеевич
|
| 701 |
|
1 |
|a Добротворский
|b А. М.
|g Александр Мстиславович
|
| 801 |
|
1 |
|a RU
|b 63413507
|c 20021127
|g PSBO
|
| 801 |
|
2 |
|a RU
|b 63413507
|c 20170913
|g PSBO
|
| 900 |
|
|
|a Катализ и технология катализаторов
|
| 900 |
|
|
|a Гетерогенный катализ
|
| 942 |
|
|
|c BK
|